| 000 | 00528nam a22001932 4500 | ||
|---|---|---|---|
| 001 | 0000001120 | ||
| 005 | 20151217145722.0 | ||
| 008 | 070226s xx 000 0 eng d | ||
| 020 |
_a0842302567 : _cGBP 16.99 |
||
| 040 |
_aKABU _cKABU |
||
| 050 | 0 |
_aBV4012.2 _b.C47 |
|
| 245 | 1 | 4 | _aThe Christian counselor's handbook. |
| 260 |
_aVirginia Beach : _bCBN, _c1987. |
||
| 300 | _a191 p. | ||
| 650 | 0 |
_aPastoral counseling. _@0000149278 |
|
| 908 | _a070226 | ||
| 950 | _@1 | ||
| 999 |
_c1870 _d1870 |
||